| 000 | 00343nam a2200133Ia 4500 | ||
|---|---|---|---|
| 005 | 20260326235447.0 | ||
| 008 | 260326s9999||||xx |||||||||||||| ||und|| | ||
| 100 | _aFranco Salamanca, Germán | ||
| 245 | 0 |
_aTemplo de Santa Clara- Bogotá / _cGermán Franco Salamanca |
|
| 260 | _bEscala | ||
| 300 | _a209 p. | ||
| 650 | _aHISTORIA | ||
| 942 | _cBK | ||
| 999 |
_c7607 _d7607 |
||